10 Closest M Countries to Monaco - One Minute Sprint - Statistics

General Stats
  • This quiz has been taken 147 times
  • The average score is 6 of 10
Answer Stats
km country miles % Correct
2364 Mali 1469
83%
1269 Morocco 788
83%
2329 Mauritania 1447
79%
903 Montenegro 561
76%
1029 Malta 639
71%
1092 Macedonia 679
67%
1563 Moldova 971
66%
6759 Mozambique 4200
45%
6452 Malawi 4009
43%
5899 Mongolia 3665
33%
No matching quizzes found
Score Distribution
Percent of People with Each Score
Percentile by Number Answered
Your Score History
You have not taken this quiz